Notas al Libro primero de la Ley de enjuiciamiento criminal / (Record no. 158985)

MARC details
000 -LEADER
campo de control de longitud fija 00887nam a22002415i 4500
001 - NÚMERO DE CONTROL
campo de control 158985
003 - IDENTIFICADOR DE NÚMERO DE CONTROL
campo de control ES-MaACL
005 - FECHA Y HORA DE LA ÚLTIMA TRANSACCIÓN
campo de control 20251015063141.0
008 - DATOS DE LONGITUD FIJA--INFORMACIÓN GENERAL
campo de control de longitud fija 950111m18851886sp |||| | spa d
040 ## - FUENTE DE CATALOGACIÓN
Centro catalogador/agencia de origen CARM
Lengua de catalogación spa
100 1# - ENTRADA PRINCIPAL--NOMBRE DE PERSONA
Nombre de persona Martínez del Campo, Eduardo,
Fechas asociadas al nombre -1911
9 (RLIN) 129577
245 10 - MENCIÓN DEL TÍTULO
Título Notas al Libro primero de la Ley de enjuiciamiento criminal /
Mención de responsabilidad, etc. por Eduardo Martinez del Campo.
260 ## - PUBLICACIÓN, DISTRIBUCIÓN, ETC.
Lugar de publicación, distribución, etc. Madrid :
Nombre del editor, distribuidor, etc. [s.n.],
Fecha de publicación, distribución, etc. 1885-1886 (
Fabricante Establecimiento tipográfico de P. Nuñez)
300 ## - DESCRIPCIÓN FÍSICA
Extensión 3 v. (3320 ; 277 ; 284 p.) ;
Dimensiones 18 cm.
490 1# - MENCIÓN DE SERIE
Mención de serie Biblioteca Judicial ;
Designación de volumen o secuencia 11
510 4# - NOTA DE CITAS O REFERENCIAS BIBLIOGRÁFICAS
Nombre de la fuente Palau,
Localización dentro de la fuente VIII, 154853
597 #1 - NOTA DE DESCRIPCIÓN FÍSICA
NOTA DE DESCRIPCIÓN FÍSICA Signaturizado.
597 #1 - NOTA DE DESCRIPCIÓN FÍSICA
NOTA DE DESCRIPCIÓN FÍSICA Antep.
752 ## - ENTRADA AGREGADA--NOMBRE JERÁRQUICO DEL LUGAR
País o entidad superior España -
Ciudad , Madrid
830 0# - PUNTO DE ACCESO ADICIONAL DE SERIE-TÍTULO UNIFORME
Título uniforme Biblioteca Judicial ;
Designación de volumen o secuencia 11
9 (RLIN) 181856
852 ## - LOCALIZACIÓN
Ubicación ES-MaACL
Número de control de estantería B-6684-6686
Nota libre -- Enc. pasta española
Encuadernación -- Edic.: el T. I. tiene 320 p.
Holdings
Estatus retirado Estado de pérdida Estado de daño No para préstamo Colección Biblioteca de origen Biblioteca actual Ubicación en estantería Fecha de adquisición Fuente de adquisición Total de préstamos Signatura topográfica completa Código de barras Visto por última vez Precio de reemplazo Tipo de ítem Koha
        Libros del s. XIX Biblioteca del Ateneo de Madrid Biblioteca del Ateneo de Madrid Sala Pardo Bazán 17/01/2008     B-6684-6686 1166423 23/02/2023 23/02/2023 Libro impreso antiguo